The Waite group's Unix primer plus

The most complete introduction to UNIX! As UNIX becomes the premier operating system for multiuser and multitasking environments, this text is becoming one of the leading references. Includes Version 4.3 BSD (Berkeley Standard Distribution). Presents the vi and ex editors. Covers the C shell and fil...

Cur síos iomlán

Đã lưu trong:
Sonraí Bibleagrafaíochta
Príomhúdar: Waite, Mitchell
Formáid: Leabhar
Teanga:Undetermined
Foilsithe: Carmel, Ind., USA H.W. Sams 1990
Ábhair:
Clibeanna: Cuir Clib Leis
Gan Chlibeanna, Bí ar an gcéad duine leis an taifead seo a chlibeáil!
Thư viện lưu trữ: Trung tâm Học liệu Trường Đại học Cần Thơ
LEADER 00884nam a2200193Ia 4500
001 CTU_219573
008 210402s9999 xx 000 0 und d
020 |c 9.95 
082 |a 005.432 
082 |b W145 
100 |a Waite, Mitchell 
245 4 |a The Waite group's Unix primer plus 
245 0 |c Mitchell Waite, Donald Martin, and Stephen Prata 
260 |a Carmel, Ind., USA 
260 |b H.W. Sams 
260 |c 1990 
520 |a The most complete introduction to UNIX! As UNIX becomes the premier operating system for multiuser and multitasking environments, this text is becoming one of the leading references. Includes Version 4.3 BSD (Berkeley Standard Distribution). Presents the vi and ex editors. Covers the C shell and file management commands. 
650 |a UNIX (Computer file),UNIX (Tệp máy tính) 
980 |a Trung tâm Học liệu Trường Đại học Cần Thơ